000 00633nam a2200181Ia 4500
008 090630s9999 xx 000 0 und d
082 _b9671
100 _aशिरवळकर सुहास.
245 _aकथा पौर्णिमा.
_cशिरवळकर सुहास.
260 _bगुरु पब्लिकेशन.
_c1989
300 _a219
600 _aशिरवळकर सुहास.
630 _aकथा पौर्णिमा.
655 _aलघुकथा.
700 _aशिरवळकर सुहास.
730 _aकथा पौर्णिमा.
942 _cBOOK
999 _c261527
_d261527